| 000 | 00601nam a2200217 a 4500 | ||
|---|---|---|---|
| 999 |
_c3064 _d3064 |
||
| 001 | 3064 | ||
| 003 | BD-JhCC | ||
| 005 | 20230208134023.0 | ||
| 008 | 171109s1981 bg |||| ||a| 000 0 ben d | ||
| 035 | _a(BD-JhCC) 3064 | ||
| 040 |
_aBD-JhCC _dBD-JhCC |
||
| 041 | _aben | ||
| 082 |
_a891.442 _bROS 1981 |
||
| 100 | _aরশীদ, মামুনুর | ||
| 245 |
_aওরা কদম আলী / _cমামুনুর রশীদ |
||
| 260 |
_aঢাকা : _bমুক্তধারা , |
||
| 300 |
_a50 p .: _c22 cm . |
||
| 650 | _aBengali Drama | ||
| 942 |
_2ddc _cBK _01 |
||